01326naa a22003497a 4500001001000000003000900010005001700019007000300036008003400039040005400073041000900127072002500136090001800161100001900179100001900198100002300217100002100240100002000261111007300281245009000354260004000444500010400484650001400588650002200602650001100624650002200635773010100657909003600758942001400794999001900808952014900827BR8204373BR-BrBNA20240918175137.0ta230509b bl.||||| |||| 00| 0 por d aBR-BrBNAbporcBiblioteca Nacional de Agricultura a(Pt) aF30; A50b1410bG514 aF30 BR82043731 aMartinotto, V.1 aAltmayer, M.B.1 aPederzolli, R.C.D.1 aBrusamolin, E.P.1 aMoreira, S.I.P.1 a16. Reuniao Tecnica do FeijaocPorto Alegre, RS (Brazil)d8 Sep 19821 aEnsaio estadual de variedades [feijao, Phaseolus vulgaris, Rio Grande do Sul, Brasil]3 aPorto Alegre, RS (Brasil): c1982.  aAta da 16. Reuniao Tecnica do Feijao Porto Alegre, RS (Brasil): 1982. p. 150-153 (BR8204373-AM)F30  aVARIEDADE aPESQUISA AGRICOLA aFEIJAO aRIO GRANDE DO SUL0 tAta da 16. Reuniao Tecnica do FeijaowF30 BR8204373gPorto Alegre, RS (Brasil), 1982. p. 150-153 a202404bLuciac55dLucia Elande cAM2AGRIS c315242d315242 002AGRIS40708Acervo Gerala41918b41918cAgrobasel0o1410 BR8204346r2024-05-20t01yAM10d2024-04-11ePortaria Interministerial nÂș 164/94